00631nam a2200193Ia 4500008004100000020001400041082001600055100002100071245003200092250000700124260003800131300002400169500001900193600002100212650005000233942000700283952013200290999001500422240925s9999 xx 000 0 und d a201508893 a005.133 BUD aBudd ,Timothy A. 0aClassic Data Structures C++ aNA aNew York:bAddison Wesleyc,1994. a796p.bNAfOriginal aIncludes Index aComputer Science aComputer science, information & general works cBK 001040708CSaUITUbUITUd1999-02-13eTawakkal Book Cnterg150.00l0o005.133 BUDpQ1913r2024-09-25 07:12:36w2024-09-25yBK c4412d4412